=LDR 00000nam 2200000 4500 =001 INLIS000000000008724 =005 20130612100546 =008 ***********************************Ind** =035 ##$$0010-061300000008724 =041 ##$$a Ind =082 ##$$a 2x1.5 =090 ##$$a 2x1.5, Adz p =100 ##$$a Adz-Dzakabi, Muhammad Husein =245 ##$$a Penyimpangan - Penyimpangan dalam Penapsiran Al0Qur'an, Dr.Muhammad husein Adz-Dzahabi; Penerjemah : Hamim Ilyas =260 ##$$a 1996 $b Jakarta =300 ##$$a 42 hlm, 21 cm =650 ##$$a Al-Qur'an - Kritik, Interprestasi =700 ##$$a Ilyas, Hamim